[Event "Terrassa op-B"]
[Site "Terrassa"]
[Date "1996.??.??"]
[Round "5"]
[White "Gonzalez Bello, A."]
[Black "Canellas Magide, Lluis"]
[Result "1-0"]
[WhiteElo "1945"]
[BlackElo "1990"]
[PlyCount "73"]
[EventDate "1996.07.??"]
[EventType "swiss"]
[EventRounds "9"]
[EventCountry "ESP"]
[SourceTitle "EXT 2002"]
[Source "ChessBase"]
[SourceDate "2001.11.25"]
[SourceVersion "1"]
[SourceVersionDate "2001.11.25"]
[SourceQuality "1"]

1. e4 c5 2. Nf3 e6 3. Nc3 d5 4. exd5 exd5 5. d4 Nc6 6. Bb5 a6 7. Bxc6+ bxc6 8. 0-0 Be6 9. Re1 Nf6 10. Ng5 Qd7 11. Na4 Rb8 12. dxc5 Be7 13. Qe2 Rb4 14. Nb6 Qc7 15. Nxe6 fxe6 16. Qxe6 Kd8 17. Bd2 Re4 18. Rxe4 Nxe4 19. Bf4 Qb7 20. b4 Re8 21. Qh3 Bf6 22. Re1 Bc3 23. Bg5+ Nxg5 24. Rxe8+ Kxe8 25. Qxc3 Ne4 26. Qe3 Kf7 27. c4 Nf6 28. Qf4 Qe7 29. Kf1 Kg6 30. cxd5 Nxd5 31. Nxd5 cxd5 32. Qd6+ Qxd6 33. cxd6 Kf6 34. Ke2 Ke6 35. Kd3 Kxd6 36. Kd4 Kc6 37. a4 1-0